00226nam a22000977a 4500008004100000082001600041110001400057245003500071260001400106300000800120230623b xxu||||| |||| 00| 0 eng d a328.79bJRP cJune 1999 aRules of the National Assembly cJune 1999 a99p